Olympische Wintersporten - Statistieken

Algemene statistieken
  • Deze quiz is 49 keer genomen
  • De gemiddelde score is 8 van 17
Antwoordstatistieken
Antwoord % Correct
Schaatsen
86%
Langlaufen
81%
Schansspringen
76%
Bobsleeën
62%
IJshockey
60%
Snowboarden
57%
Snowboarden
57%
Kunstschaatsen
55%
Shorttrack
48%
Biatlon
45%
Rodelen
45%
Curling
40%
Alpineskiën
36%
Skeleton
33%
Noordse combinatie
14%
Freestyleskiën
12%
Ski-Alpinisme
2%
Geen overeenkomende quizzen gevonden
Scoreverdeling
Procent van Mensen met Elke Score
Percentiel versus Aantal Correcte Antwoorden
Uw Scoregeschiedenis
U heeft deze quiz nog niet genomen